[Event "26.Schlosspark-Open"]
[Site "Wiesbaden-Biebrich"]
[Date "2014.08.30"]
[Round "4.1"]
[White "Kunin, Vitaly"]
[Black "Sergin, Mark"]
[Result "1-0"]
[WhiteElo "2575"]
[BlackElo "2240"]
[PlyCount "89"]
[EventDate "2014.??.??"]
[WhiteTeam "Freibauer Mörlenbach-Birkenau"]
[BlackTeam "Kasseler SK 1876"]

1. Nf3 Nf6 2. c4 c5 3. Nc3 g6 4. g3 Bg7 5. Bg2 O-O 6. O-O Nc6 7. d4 cxd4 8.
Nxd4 Nxd4 9. Qxd4 d6 10. Qd3 Qa5 11. h3 Bd7 12. Bd2 Bc6 13. e4 Rac8 14. b3 Qc7
15. Rac1 b6 16. Rfe1 Rfe8 17. Nd5 Qb8 18. Bg5 Bxd5 19. exd5 h6 20. Bd2 Rc5 21.
a4 Qc8 22. Re2 Rc7 23. Rce1 Kf8 24. Bf4 Rd8 25. Qd2 Ng8 26. h4 h5 27. Kh2 Nf6
28. Bh3 Qb7 29. a5 b5 30. c5 Rxc5 31. Rxe7 Qxd5 32. Qxd5 Rxd5 33. Rxa7 Ng4+ 34.
Bxg4 hxg4 35. Ree7 Rf5 36. Red7 Ke8 37. Re7+ Kf8 38. Red7 Ke8 39. a6 Bd4 40.
Re7+ Kf8 41. Rab7 Rc8 42. a7 Kg7 43. Rb8 Rc2 44. a8=Q Rxf2+ 45. Qg2 1-0

[Event "26.Schlosspark-Open"]
[Site "Wiesbaden-Biebrich"]
[Date "2014.08.30"]
[Round "4.2"]
[White "Kiefer, Daniel"]
[Black "Khenkin, Igor"]
[Result "0-1"]
[WhiteElo "2263"]
[BlackElo "2574"]
[PlyCount "74"]
[EventDate "2014.??.??"]
[WhiteTeam "Sfr.Mainz 1928"]
[BlackTeam "SG Porz e.V."]

1. e4 c5 2. Nf3 Nc6 3. d4 cxd4 4. Nxd4 Qb6 5. Nb3 Nf6 6. Nc3 e6 7. Be3 Qc7 8.
Be2 Bb4 9. Bf3 Ne5 10. Qd4 Bxc3+ 11. bxc3 b6 12. Be2 Bb7 13. f4 Neg4 14. Bxg4
Nxg4 15. O-O O-O 16. Bc1 e5 17. Qd3 Rac8 18. Ba3 Rfe8 19. Qg3 Nf6 20. Bb2 exf4
21. Qxf4 Qxf4 22. Rxf4 Bxe4 23. Nd4 Nd5 24. Rg4 Ne3 25. Rg5 f6 26. Rg3 Nxc2 27.
Rd1 Nxd4 28. Rxd4 d5 29. Kf2 Kf7 30. h4 Rc5 31. Ra4 a5 32. Bc1 Rec8 33. Be3 Rb5
34. Bd2 Rb2 35. Ke2 Rc4 36. Rxc4 dxc4 37. Ke3 Rxa2 0-1

[Event "26.Schlosspark-Open"]
[Site "Wiesbaden-Biebrich"]
[Date "2014.08.30"]
[Round "4.3"]
[White "Poetsch, Hagen"]
[Black "De Visser, Leon"]
[Result "1-0"]
[WhiteElo "2494"]
[BlackElo "2204"]
[PlyCount "67"]
[EventDate "2014.??.??"]
[WhiteTeam "SF Schöneck"]
[BlackTeam "SC Brett vorm Kopp Ffm"]

1. e4 c6 2. Nc3 d5 3. Nf3 Bg4 4. h3 Bxf3 5. Qxf3 e6 6. d3 Nd7 7. Bd2 Ngf6 8. g4
d4 9. Ne2 Qb6 10. O-O-O Bb4 11. Bxb4 Qxb4 12. g5 Ng8 13. h4 Ne7 14. a3 Qd6 15.
Bh3 b5 16. Qf4 Qc5 17. b4 Qb6 18. Qd6 a5 19. Nxd4 axb4 20. axb4 Ra6 21. Bxe6
fxe6 22. Nxe6 Qb8 23. Nxg7+ Kf7 24. Qe6+ Kf8 25. Qxd7 Qf4+ 26. Kb2 Qe5+ 27. d4
Qxe4 28. Qe6 Qf3 29. Ra1 Rxa1 30. Rxa1 Kxg7 31. Qxe7+ Kg6 32. Qe6+ Kh5 33. Qh6+
Kg4 34. Rg1+ 1-0

[Event "26.Schlosspark-Open"]
[Site "Wiesbaden-Biebrich"]
[Date "2014.08.30"]
[Round "4.4"]
[White "Krenz, Valeriy"]
[Black "Carlstedt, Jonathan"]
[Result "0-1"]
[WhiteElo "2242"]
[BlackElo "2437"]
[PlyCount "42"]
[EventDate "2014.??.??"]
[WhiteTeam "SAbt TuS Dotzheim"]
[BlackTeam "Hamburger SK von 1830 eV"]

1. d4 e6 2. c4 Nf6 3. Nc3 Bb4 4. Nf3 d5 5. Bg5 h6 6. Bh4 g5 7. Bg3 Ne4 8. Qa4+
Nc6 9. Qc2 g4 10. Ne5 Nxd4 11. Qa4+ Bd7 12. Nxd7 Qxd7 13. Qxd7+ Kxd7 14. O-O-O
Bxc3 15. bxc3 Nf5 16. cxd5 Nfxg3 17. dxe6+ Kxe6 18. fxg3 Nf2 19. e4 Nxh1 20.
Bc4+ Ke7 21. Rxh1 f6 0-1

[Event "26.Schlosspark-Open"]
[Site "Wiesbaden-Biebrich"]
[Date "2014.08.30"]
[Round "4.5"]
[White "Schaack, Harry"]
[Black "Boidman, Yuri"]
[Result "0-1"]
[WhiteElo "2218"]
[BlackElo "2384"]
[PlyCount "68"]
[EventDate "2014.??.??"]
[WhiteTeam "SF Schöneck"]
[BlackTeam "SC Heimbach-Weis/Neuwied"]

1. e4 d5 2. exd5 Nf6 3. d4 Bg4 4. Be2 Bxe2 5. Qxe2 Qxd5 6. Nf3 e6 7. O-O Nc6 8.
Be3 O-O-O 9. c4 Qh5 10. Nc3 Rg8 11. Rfd1 Bd6 12. c5 Be7 13. b4 g5 14. b5 g4 15.
Ne1 Nb8 16. Nd3 Nd5 17. Rac1 Bg5 18. Nxd5 Rxd5 19. Nb4 Rf5 20. b6 axb6 21. cxb6
c6 22. d5 exd5 23. Nxd5 Bd8 24. Nf4 Qh4 25. Qd3 Qf6 26. g3 Ra5 27. Rc2 Qf5 28.
Qc4 Re8 29. Rcd2 Ra6 30. Nd5 Nd7 31. Nc7 Bxc7 32. bxc7 Ne5 33. Rd8+ Kxc7 34.
Bf4 Rxd8 0-1

[Event "26.Schlosspark-Open"]
[Site "Wiesbaden-Biebrich"]
[Date "2014.08.30"]
[Round "4.6"]
[White "Legde, Georg"]
[Black "Berger, Ewald"]
[Result "1-0"]
[WhiteElo "2323"]
[BlackElo "1916"]
[PlyCount "89"]
[EventDate "2014.??.??"]
[WhiteTeam "Freibauer Mörlenbach-Birkenau"]
[BlackTeam "SC Butzbach 2000"]

1. c4 Nf6 2. d4 e6 3. Nc3 c5 4. d5 exd5 5. cxd5 d6 6. Nf3 g6 7. Bf4 Bg7 8. Qa4+
Bd7 9. Qb3 Qc7 10. e4 O-O 11. Nd2 Nh5 12. Be3 Na6 13. Be2 Nf6 14. O-O Rab8 15.
Bf4 Rfd8 16. Rfc1 Be8 17. Nc4 Qe7 18. Nxd6 Rxd6 19. e5 Rb6 20. d6 Qd8 21. Qc2
Nb4 22. Qd2 Nd7 23. Na4 Nxe5 24. Nxb6 axb6 25. Rd1 Bd7 26. a3 Nbc6 27. Qe3 Qe8
28. Rac1 Nd4 29. Bf1 Qe6 30. Bg3 Bc6 31. b4 Qxd6 32. Kh1 Re8 33. Qc3 Qf6 34.
bxc5 Bxg2+ 35. Bxg2 Ne2 36. Qb2 Nxc1 37. Qxc1 Rc8 38. Rd5 Nf3 39. Qd1 Nh4 40.
Rd6 Qe7 41. Rd7 Qg5 42. Bd5 bxc5 43. Rxf7 Kh8 44. Bf4 Qd8 45. Rxg7 1-0

[Event "26.Schlosspark-Open"]
[Site "Wiesbaden-Biebrich"]
[Date "2014.08.30"]
[Round "4.7"]
[White "Haag, Martin"]
[Black "Thybo, Jesper Sondergaard"]
[Result "1-0"]
[WhiteElo "2307"]
[BlackElo "2121"]
[PlyCount "191"]
[EventDate "2014.??.??"]
[WhiteTeam "SC Bonn Beuel"]
[BlackTeam "Skive Skak Klub"]

1. c4 c5 2. g3 g6 3. Bg2 Bg7 4. Nc3 Nc6 5. Nf3 e6 6. d3 Nge7 7. Bg5 h6 8. Bd2
O-O 9. a3 b6 10. Rb1 Bb7 11. Qc1 Kh7 12. b4 Nd4 13. Ng5+ hxg5 14. Bxb7 Rb8 15.
Bg2 f6 16. e3 Ndc6 17. Qc2 f5 18. bxc5 bxc5 19. O-O g4 20. Na4 d6 21. Bc3 Bxc3
22. Rxb8 Qxb8 23. Nxc3 Qc7 24. Nb5 Qa5 25. Rb1 Rd8 26. Qc3 Qxc3 27. Nxc3 Rd7
28. Kf1 Kg7 29. Ke2 Kf6 30. Rb5 Rc7 31. h3 gxh3 32. Bxh3 g5 33. Bg2 g4 34. Rb1
Rd7 35. Kd2 Rc7 36. Kc2 Rd7 37. Rb5 Rc7 38. Ne2 Rd7 39. Nf4 Rc7 40. Rb1 Ng6 41.
Nxg6 Kxg6 42. Kc3 Kf6 43. Rb5 Kg6 44. a4 Kf6 45. a5 Kg6 46. Bxc6 Rxc6 47. Kb3
Rc7 48. Ka4 Kf6 49. Rb8 Ke7 50. Kb5 Kd7 51. Ka6 Kc6 52. Re8 Kd7 53. Rh8 Kc6 54.
Rh6 Re7 55. Rf6 Kc7 56. Kb5 a6+ 57. Kxa6 Re8 58. Kb5 Rb8+ 59. Ka4 Rb4+ 60. Ka3
Rb1 61. Rxe6 Ra1+ 62. Kb3 Rb1+ 63. Kc3 Rc1+ 64. Kd2 Ra1 65. Rf6 Ra2+ 66. Ke1
Ra1+ 67. Ke2 Ra2+ 68. Kf1 Ra1+ 69. Kg2 Rxa5 70. Rxf5 Ra3 71. Rf4 Rxd3 72. Rxg4
d5 73. cxd5 Kd6 74. Kf3 Kxd5 75. Rg8 c4 76. Rc8 Rc3 77. Kf4 Ra3 78. g4 c3 79.
f3 Rb3 80. g5 Ke6 81. Ke4 Rb2 82. f4 c2 83. Rc6+ Kd7 84. Rc3 Ke6 85. f5+ Kd6
86. Kf4 Kd5 87. e4+ Kd4 88. Rc8 Rb1 89. Rxc2 Rf1+ 90. Kg4 Rg1+ 91. Kh5 Kxe4 92.
Kg6 Kf4 93. Rc4+ Ke5 94. Rc5+ Kf4 95. f6 Ra1 96. f7 1-0

[Event "26.Schlosspark-Open"]
[Site "Wiesbaden-Biebrich"]
[Date "2014.08.30"]
[Round "4.8"]
[White "Baskin, Robert"]
[Black "Rafiee, Makan"]
[Result "1/2-1/2"]
[WhiteElo "2152"]
[BlackElo "2258"]
[PlyCount "88"]
[EventDate "2014.??.??"]
[WhiteTeam "SAbt TuS Makkabi Ffm"]
[BlackTeam "Kasseler SK 1876"]

1. e4 e5 2. Nf3 Nc6 3. Bb5 a6 4. Ba4 Nf6 5. O-O b5 6. Bb3 Be7 7. d3 d6 8. a4
Bd7 9. Nc3 Na5 10. Ba2 b4 11. Nd5 Nxd5 12. Bxd5 c6 13. Ba2 c5 14. Bd5 Bc6 15.
Bxc6+ Nxc6 16. c3 Rb8 17. Be3 d5 18. c4 d4 19. Bd2 g5 20. g4 Kd7 21. h3 Qg8 22.
Kg2 Qg6 23. Ng1 h5 24. Ne2 hxg4 25. hxg4 Rh4 26. Ng3 Rbh8 27. Nh5 Qe6 28. Ng3
Rxg4 29. Rg1 Bf6 30. Kf1 Ne7 31. Qf3 Rh3 32. Ke2 Ng6 33. Qf5 Nf4+ 34. Bxf4 exf4
35. Qxe6+ fxe6 36. Nh5 Rxg1 37. Nxf6+ Ke7 38. Ng8+ Kf8 39. Rxg1 Kxg8 40. Rxg5+
Kf7 41. Rg1 Kf6 42. b3 Ke5 43. Rg5+ Kd6 44. Rg1 a5 1/2-1/2

[Event "26.Schlosspark-Open"]
[Site "Wiesbaden-Biebrich"]
[Date "2014.08.30"]
[Round "4.9"]
[White "Minor, Samuel"]
[Black "Bingert, Tim Niklas"]
[Result "0-1"]
[WhiteElo "2229"]
[BlackElo "2120"]
[PlyCount "120"]
[EventDate "2014.??.??"]
[WhiteTeam "Wiesbadener SV 1885"]
[BlackTeam "SV 1920 Hofheim"]

1. e4 e5 2. Bc4 Nf6 3. d3 c6 4. Nf3 d5 5. exd5 cxd5 6. Bb3 Nc6 7. O-O Be6 8.
Re1 Qc7 9. Ng5 Bg4 10. f3 Bc5+ 11. Kh1 Bh5 12. Be3 Bxe3 13. Rxe3 h6 14. Nh3
O-O-O 15. Qe1 e4 16. dxe4 dxe4 17. Nd2 exf3 18. Nxf3 Rhe8 19. Rd1 Rxd1 20.
Rxe8+ Nxe8 21. Qxd1 Qd6 22. Qxd6 Nxd6 23. Bd5 Ne7 24. Bb3 g5 25. Kg1 Kc7 26. c3
f6 27. Nd4 Nc6 28. Ne6+ Kd7 29. Nc5+ Kc7 30. Nf2 Ne5 31. Bd5 b6 32. Ne6+ Kd7
33. Nd4 Bg6 34. Kf1 Ndc4 35. Nd1 Bh5 36. Nf3 Nxf3 37. gxf3 Ne5 38. Ke2 Kd6 39.
c4 g4 40. fxg4 Bxg4+ 41. Kd2 Bxd1 42. Kxd1 Kc5 43. b3 b5 44. Ke2 bxc4 45. bxc4
Nxc4 46. Bg8 Ne5 47. Kf2 Kd4 48. Bh7 a5 49. a4 Nd3+ 50. Kf3 Nc5 51. Kf4 Nxa4
52. Bg6 Nc3 53. Be8 Kc4 54. Kf5 Nb5 55. Kxf6 a4 56. Kg6 a3 57. Bf7+ Kc3 58.
Kxh6 Nd4 59. Ba2 Kb2 60. Kg6 Kxa2 0-1

[Event "26.Schlosspark-Open"]
[Site "Wiesbaden-Biebrich"]
[Date "2014.08.30"]
[Round "4.10"]
[White "Barpiyeva, Gulsana"]
[Black "Hahn, Markus"]
[Result "0-1"]
[WhiteElo "2098"]
[BlackElo "2221"]
[PlyCount "94"]
[EventDate "2014.??.??"]
[WhiteTeam "SC Brett vorm Kopp Ffm"]
[BlackTeam "Kasseler SK 1876"]

1. c4 e6 2. Nc3 c5 3. Nf3 b6 4. g3 Bb7 5. Bg2 Nf6 6. O-O Be7 7. b3 a6 8. Bb2
O-O 9. d4 cxd4 10. Nxd4 Bxg2 11. Kxg2 Qc8 12. e4 Nc6 13. Nf3 Qb7 14. Qe2 d6 15.
Rfe1 Nd7 16. Rad1 Rfd8 17. Rd2 Nde5 18. Nxe5 dxe5 19. Red1 Nd4 20. Qe1 b5 21.
cxb5 axb5 22. f3 Rdc8 23. Rc1 Rc7 24. Ne2 Bb4 25. Bc3 Nxe2 26. Rxe2 Qc8 27.
Bxb4 Rxc1 28. Qd2 f6 29. Qd3 Qc6 30. Rd2 Kf7 31. Kh3 Kg6 32. Qe3 Rc2 33. a3
Rxd2 34. Qxd2 Rc8 35. Qd3 Qc1 36. Bd2 Qc2 37. Qd7 Qc6 38. Qd3 Qc2 39. Qd7 Qc6
40. Qd3 Rc7 41. Qe3 Rd7 42. Bc3 Qd6 43. a4 Qd3 44. Qxd3 Rxd3 45. Be1 Rxf3 46.
a5 Rxb3 47. Kg2 Re3 0-1

[Event "26.Schlosspark-Open"]
[Site "Wiesbaden-Biebrich"]
[Date "2014.08.30"]
[Round "4.11"]
[White "Nagel, Bernhard"]
[Black "Frey, Thomas"]
[Result "1-0"]
[WhiteElo "2204"]
[BlackElo "2089"]
[PlyCount "51"]
[EventDate "2014.??.??"]
[WhiteTeam "Wiesbadener SV 1885"]
[BlackTeam "SV Reutlingen"]

1. d4 e6 2. Nf3 Nf6 3. c4 c5 4. d5 b5 5. dxe6 fxe6 6. cxb5 d5 7. g3 Bd6 8. Nbd2
e5 9. e4 Qa5 10. exd5 e4 11. Ng5 O-O 12. Bg2 Qxb5 13. Qe2 Qb4 14. Qc4 Qa5 15.
Qc3 Qa6 16. Ngxe4 Re8 17. f3 Nxd5 18. Qb3 Be6 19. Bf1 Nb4 20. Bc4 Bxc4 21. Nxc4
Kh8 22. O-O Bf8 23. Bf4 N8c6 24. Ncd6 Bxd6 25. Nxd6 Nd4 26. Nf7+ 1-0

[Event "26.Schlosspark-Open"]
[Site "Wiesbaden-Biebrich"]
[Date "2014.08.30"]
[Round "4.12"]
[White "Seickel, Ralf"]
[Black "Kiese, Matthias"]
[Result "0-1"]
[WhiteElo "2073"]
[BlackElo "2202"]
[PlyCount "72"]
[EventDate "2014.??.??"]
[WhiteTeam "vereinslos"]
[BlackTeam "Bochumer SV 02"]

1. e4 c5 2. Nf3 d6 3. d4 cxd4 4. Nxd4 Nf6 5. Nc3 a6 6. Bg5 e6 7. Qe2 Be7 8.
O-O-O Qc7 9. f4 Nbd7 10. g4 b5 11. a3 Rb8 12. Bg2 Bb7 13. Rhe1 O-O 14. Bxf6
Bxf6 15. g5 Bxd4 16. Rxd4 e5 17. Rd3 exf4 18. Rh3 Rfe8 19. Qg4 d5 20. Qh4 Nf8
21. Nxd5 Bxd5 22. exd5 Qc4 23. Kb1 f3 24. Rxe8 Rxe8 25. Bxf3 Qf1+ 26. Ka2 Re1
27. d6 a5 28. g6 a4 29. gxf7+ Kxf7 30. Bd5+ Ke8 31. Bc6+ Nd7 32. Qh5+ Kd8 33.
Qh4+ Nf6 34. b3 Ra1+ 35. Kb2 Qc1+ 36. Kc3 axb3 0-1

[Event "26.Schlosspark-Open"]
[Site "Wiesbaden-Biebrich"]
[Date "2014.08.30"]
[Round "4.13"]
[White "Cofman, Veaceslav"]
[Black "Schwarz, Eduard"]
[Result "1-0"]
[WhiteElo "2094"]
[BlackElo "1928"]
[PlyCount "55"]
[EventDate "2014.??.??"]
[WhiteTeam "Karlsruher SF 1853"]
[BlackTeam "SG Turm Idstein"]

1. d4 Nf6 2. c4 e6 3. Nf3 b6 4. a3 Bb7 5. Nc3 Be7 6. Qc2 O-O 7. e4 d6 8. Bd3 h6
9. h3 Nfd7 10. Be3 e5 11. O-O-O a5 12. h4 Na6 13. g4 exd4 14. Nxd4 Ne5 15. Be2
Nc5 16. g5 h5 17. f4 Ng4 18. Bxg4 hxg4 19. Nf5 Qe8 20. Bxc5 dxc5 21. h5 f6 22.
g6 Rd8 23. Rxd8 Bxd8 24. h6 Qxg6 25. hxg7 Re8 26. Rh8+ Kf7 27. Qd2 Bc6 28. Rh6
1-0

[Event "26.Schlosspark-Open"]
[Site "Wiesbaden-Biebrich"]
[Date "2014.08.30"]
[Round "4.14"]
[White "Hebbering, Tom Elliot"]
[Black "Davenport, Darcy"]
[Result "1/2-1/2"]
[WhiteElo "2065"]
[BlackElo "2153"]
[PlyCount "154"]
[EventDate "2014.??.??"]
[WhiteTeam "SJ Herborn 1998"]
[BlackTeam "vereinslos"]

1. d4 Nf6 2. Nf3 e6 3. c4 b6 4. g3 Ba6 5. Nbd2 Bb4 6. Qc2 Bb7 7. Bg2 c5 8. O-O
cxd4 9. Nxd4 Bxg2 10. Kxg2 Qc7 11. f3 Nc6 12. Nb5 Qb8 13. Ne4 Nxe4 14. Qxe4 O-O
15. a3 Be7 16. Bf4 Qb7 17. Bd6 Bxd6 18. Nxd6 Qc7 19. Rfd1 Rab8 20. Rd2 Na5 21.
Qd3 a6 22. b4 Nb7 23. Nxb7 Rxb7 24. Rad1 Qc6 25. Qe4 Qxe4 26. fxe4 Rd8 27. Rd6
Kf8 28. e5 Ke7 29. Kf3 Re8 30. R6d4 a5 31. Rh4 axb4 32. axb4 h6 33. Ke3 Ra8 34.
Rhd4 Ra4 35. c5 bxc5 36. bxc5 Rb3+ 37. R1d3 Rxd4 38. Kxd4 Rb4+ 39. Kc3 Re4 40.
e3 Rxe5 41. Kc4 Rf5 42. e4 Rf2 43. h3 Re2 44. Kd4 Rc2 45. Ra3 h5 46. h4 f6 47.
Ra5 e5+ 48. Ke3 Rc3+ 49. Kf2 g6 50. Rb5 Rc2+ 51. Kf3 Rc1 52. Ra5 g5 53. hxg5
fxg5 54. Ra6 Rc3+ 55. Kf2 g4 56. Rh6 Rf3+ 57. Ke2 Rxg3 58. Rxh5 Kf6 59. Rh7 Rc3
60. Rxd7 Rxc5 61. Rd8 Rc7 62. Rf8+ Rf7 63. Rg8 Rg7 64. Rf8+ Ke6 65. Kf2 g3+ 66.
Kg2 Rg4 67. Rf3 Rxe4 68. Rxg3 Rf4 69. Rf3 Kf5 70. Rxf4+ Kxf4 71. Kf2 Ke4 72.
Ke2 Kd4 73. Kd2 e4 74. Ke2 e3 75. Ke1 Kd3 76. Kd1 e2+ 77. Ke1 Ke3 1/2-1/2

[Event "26.Schlosspark-Open"]
[Site "Wiesbaden-Biebrich"]
[Date "2014.08.30"]
[Round "4.15"]
[White "Malek, Daniel"]
[Black "Frömbgen, Andreas"]
[Result "1-0"]
[WhiteElo "2391"]
[BlackElo "1953"]
[PlyCount "97"]
[EventDate "2014.??.??"]
[WhiteTeam "Wiesbadener SV 1885"]
[BlackTeam "SK Gau-Algesheim"]

1. d4 Nf6 2. c4 g6 3. Nc3 Bg7 4. e4 d6 5. Nf3 O-O 6. Be2 Nbd7 7. O-O e5 8. Be3
c6 9. d5 c5 10. Ne1 Ne8 11. Nd3 f5 12. exf5 gxf5 13. f4 e4 14. Nf2 Ndf6 15. a3
Kh8 16. Rb1 Bd7 17. Qd2 Rg8 18. b4 b6 19. Rb3 Bh6 20. Rfb1 Ng7 21. bxc5 bxc5
22. Qb2 Bc8 23. Nb5 Nge8 24. Bd2 Bg7 25. Qc1 Qe7 26. Nd1 Nc7 27. Nxc7 Qxc7 28.
Ne3 Qf7 29. Bc3 Nd7 30. Qb2 Nb6 31. Bxg7+ Qxg7 32. Qxg7+ Kxg7 33. a4 Kf6 34. a5
Nd7 35. h3 Nf8 36. Kf2 Ng6 37. g3 Rg7 38. Nf1 Ba6 39. Ke3 Rag8 40. Nd2 Bc8 41.
Rb8 Re7 42. Ra8 Be6 43. Rbb8 Rxb8 44. Rxb8 Bf7 45. Nb1 Re8 46. Rb7 Re7 47. a6
Be8 48. Nc3 Nf8 49. g4 1-0

[Event "26.Schlosspark-Open"]
[Site "Wiesbaden-Biebrich"]
[Date "2014.08.30"]
[Round "4.16"]
[White "Schmitt, Carsten"]
[Black "Pioch, Thomas"]
[Result "0-1"]
[WhiteElo "1984"]
[BlackElo "2160"]
[PlyCount "86"]
[EventDate "2014.??.??"]
[WhiteTeam "SV Bergwinkel"]
[BlackTeam "Sfr.Mainz 1928"]

1. c4 e6 2. g3 Nf6 3. Bg2 d5 4. Nf3 Be7 5. O-O O-O 6. b3 b6 7. Bb2 Bb7 8. d3 c5
9. e3 Nbd7 10. Qe2 Qc7 11. d4 Rac8 12. Nbd2 Rfe8 13. Rac1 Qb8 14. Ne5 Nxe5 15.
dxe5 Nd7 16. f4 dxc4 17. Nxc4 Bxg2 18. Qxg2 b5 19. Nd6 Bxd6 20. exd6 Qxd6 21.
Rfd1 Qc7 22. Qe2 a6 23. Qg4 f6 24. Rc2 Re7 25. Rcd2 Kh8 26. Rd6 Nf8 27. R1d2 c4
28. bxc4 bxc4 29. Bc3 Qc5 30. Kf2 Qa3 31. Bb2 Qa5 32. Qd1 c3 33. Rd8 c2 34.
Rxc8 cxd1=N+ 35. Rxd1 Rf7 36. Rdd8 h5 37. Bd4 Qxa2+ 38. Kg1 Kh7 39. Rxf8 Rxf8
40. Rxf8 Qb1+ 41. Kg2 e5 42. fxe5 fxe5 43. Bc5 Qc2+ 0-1

[Event "26.Schlosspark-Open"]
[Site "Wiesbaden-Biebrich"]
[Date "2014.08.30"]
[Round "4.17"]
[White "Göbel, Andreas"]
[Black "Mager, Denis"]
[Result "0-1"]
[WhiteElo "1987"]
[BlackElo "2152"]
[PlyCount "58"]
[EventDate "2014.??.??"]
[WhiteTeam "SC Brett vorm Kopp Ffm"]
[BlackTeam "SAbt TuS Makkabi Ffm"]

1. Nf3 d5 2. g3 g6 3. Bg2 Bg7 4. d4 c6 5. O-O Nf6 6. Nbd2 O-O 7. c4 Bf5 8. b3
Qa5 9. Bb2 Ne4 10. Nxe4 Bxe4 11. Qc1 Nd7 12. Bc3 Qa6 13. Nd2 Bxg2 14. Kxg2 c5
15. Qb2 cxd4 16. Bxd4 e5 17. Bc3 d4 18. Bb4 Qc6+ 19. Nf3 Rfd8 20. Rad1 a5 21.
Be7 Re8 22. Bg5 h6 23. Bc1 Nc5 24. Kg1 Rad8 25. Ne1 e4 26. Qd2 d3 27. Qxa5 b6
28. Qd2 e3 29. fxe3 Ne4 0-1

[Event "26.Schlosspark-Open"]
[Site "Wiesbaden-Biebrich"]
[Date "2014.08.30"]
[Round "4.18"]
[White "Koch, Markus"]
[Black "Martin, Reiner"]
[Result "1-0"]
[WhiteElo "2143"]
[BlackElo "1981"]
[PlyCount "107"]
[EventDate "2014.??.??"]
[WhiteTeam "SC Brett vorm Kopp Ffm"]
[BlackTeam "SC Bad Soden"]

1. d4 Nf6 2. c4 c5 3. d5 e6 4. Nc3 exd5 5. cxd5 d6 6. e4 g6 7. Nge2 Bg7 8. Ng3
O-O 9. Be2 a6 10. a4 Nbd7 11. O-O Re8 12. Be3 h5 13. f3 h4 14. Nh1 Nh7 15. Nf2
f5 16. Qd2 Ne5 17. Rac1 Rb8 18. Kh1 Bd7 19. exf5 gxf5 20. Nh3 b5 21. axb5 axb5
22. Nd1 Qe7 23. b4 c4 24. Bd4 Ra8 25. f4 Ng4 26. Bf3 Ra3 27. Rc3 Ra4 28. Bxg7
Kxg7 29. Bxg4 fxg4 30. Ng5 Qe2 31. Qd4+ Nf6 32. Rg1 Ra2 33. Nh7 h3 34. Qxf6+
Kxh7 35. Qf7+ Kh6 36. Qf6+ Kh7 37. Qh4+ Kg7 38. Rxh3 gxh3 39. gxh3+ Bg4 40.
Rxg4+ Qxg4 41. Qxg4+ Kf7 42. Qf5+ Kg7 43. Qd7+ Kf8 44. Qxd6+ Kf7 45. Qd7+ Re7
46. Qf5+ Ke8 47. Qg6+ Kf8 48. Qf6+ Ke8 49. Qh4 Ree2 50. f5 Rxh2+ 51. Kg1 Rhd2
52. Qh8+ Kf7 53. Ne3 Re2 54. f6 1-0

[Event "26.Schlosspark-Open"]
[Site "Wiesbaden-Biebrich"]
[Date "2014.08.30"]
[Round "4.19"]
[White "Björknes, Uwe"]
[Black "Karthaus, Carsten"]
[Result "1/2-1/2"]
[WhiteElo "2133"]
[BlackElo "1970"]
[PlyCount "27"]
[EventDate "2014.??.??"]
[WhiteTeam "vereinslos"]
[BlackTeam "SC Murrhardt 1948 e.V."]

1. d4 d5 2. c4 c6 3. Bf4 Nf6 4. e3 Bf5 5. Nc3 e6 6. Nf3 Bd6 7. Ne5 O-O 8. Qb3
b6 9. Be2 Bxe5 10. Bxe5 Nbd7 11. Bg3 Ne4 12. Nxe4 Bxe4 13. O-O c5 14. f3
1/2-1/2

[Event "26.Schlosspark-Open"]
[Site "Wiesbaden-Biebrich"]
[Date "2014.08.30"]
[Round "4.20"]
[White "Lenz, Jonas"]
[Black "Hahn, Florian"]
[Result "0-1"]
[WhiteElo "1973"]
[BlackElo "2133"]
[PlyCount "146"]
[EventDate "2014.??.??"]
[WhiteTeam "SK Bad Homburg 1927"]
[BlackTeam "SJ Herborn 1998"]

1. d4 d5 2. c4 c6 3. Nf3 dxc4 4. e3 Nf6 5. Bxc4 e6 6. O-O Be7 7. Nbd2 O-O 8.
Ne5 Nbd7 9. Ndf3 Nxe5 10. Nxe5 c5 11. dxc5 Bxc5 12. b3 a6 13. a4 b6 14. Qxd8
Rxd8 15. b4 Bf8 16. Nc6 Rd6 17. b5 axb5 18. Bxb5 Bd7 19. Ba3 Rxc6 20. Bxc6 Bxc6
21. Bxf8 Kxf8 22. Rfb1 Rxa4 23. Rxa4 Bxa4 24. Rxb6 Ke7 25. f3 Nd5 26. Rb7+ Bd7
27. Kf2 f5 28. Ra7 Nf6 29. Ra5 h6 30. h4 Bc6 31. Ra7+ Nd7 32. Ra6 Bd5 33. Ra5
Kf6 34. Kg3 Nb6 35. Rc5 Nd7 36. Ra5 Nf8 37. Rb5 Ng6 38. Ra5 Ne7 39. Rc5 e5 40.
Ra5 Be6 41. h5 Nd5 42. Kf2 Nc7 43. Rc5 Ne8 44. Rc6 Ke7 45. Ra6 Nf6 46. Ra7+ Bd7
47. Ra5 Kd6 48. Ra6+ Bc6 49. Ra7 Bd7 50. Ra6+ Ke7 51. Ra5 e4 52. fxe4 Nxe4+ 53.
Kf3 Nf6 54. Kf2 Ng4+ 55. Kf3 Kf6 56. Kf4 Nf2 57. Ra6+ Be6 58. Ra5 Nd3+ 59. Kf3
Bf7 60. e4 Bxh5+ 61. Ke3 Ne5 62. Ra6+ Kg5 63. exf5 Kxf5 64. Ra5 Kf6 65. Ra6+
Ke7 66. Kf4 Nd7 67. g4 Bf7 68. Rc6 Nf8 69. Ra6 Be6 70. Ra5 Kf6 71. Kg3 Ng6 72.
Ra1 Ne5 73. Rf1+ Ke7 0-1

[Event "26.Schlosspark-Open"]
[Site "Wiesbaden-Biebrich"]
[Date "2014.08.30"]
[Round "4.21"]
[White "Keymer, Vincent"]
[Black "Ottway, Christopher"]
[Result "1-0"]
[WhiteElo "2036"]
[BlackElo "1951"]
[PlyCount "99"]
[EventDate "2014.??.??"]
[WhiteTeam "SK Gau-Algesheim"]
[BlackTeam "Biebertaler SF"]

1. Nf3 g6 2. d4 Bg7 3. c4 d6 4. Nc3 e5 5. g3 Nd7 6. Bg2 Ne7 7. O-O O-O 8. e4
exd4 9. Nxd4 Nc6 10. Nde2 Nde5 11. b3 f5 12. exf5 Bxf5 13. Nf4 Kh8 14. Bb2 g5
15. Nfd5 g4 16. Nf4 Qg5 17. Bc1 Nf3+ 18. Bxf3 gxf3 19. Ne6 Qg4 20. Nxg7 Qh3 21.
Qxf3 Qxf1+ 22. Kxf1 Bh3+ 23. Qg2 Bxg2+ 24. Kxg2 Kxg7 25. Nd5 Rf7 26. Bb2+ Kf8
27. Re1 Re8 28. Rxe8+ Kxe8 29. f4 Kd7 30. g4 Ne7 31. Nf6+ Kc6 32. f5 d5 33.
cxd5+ Nxd5 34. Nxd5 Kxd5 35. Kf3 Re7 36. Bc3 Re4 37. f6 Re8 38. h4 Ke6 39. g5
Kf5 40. Bb4 Kg6 41. h5+ Kf7 42. Be7 Ke6 43. g6 hxg6 44. hxg6 c5 45. f7 Kxe7 46.
fxe8=Q+ Kxe8 47. Ke4 Kf8 48. Kd5 b6 49. Kc6 Kg7 50. a4 1-0

[Event "26.Schlosspark-Open"]
[Site "Wiesbaden-Biebrich"]
[Date "2014.08.30"]
[Round "4.22"]
[White "Holzschuh, Gerald"]
[Black "Kobs, Stephan"]
[Result "1-0"]
[WhiteElo "2113"]
[BlackElo "1942"]
[PlyCount "43"]
[EventDate "2014.??.??"]
[WhiteTeam "SC Bad Nauheim"]
[BlackTeam "Hildesheimer SV"]

1. e4 c5 2. c3 d5 3. exd5 Qxd5 4. d4 Nc6 5. Nf3 cxd4 6. cxd4 e5 7. Nc3 Bb4 8.
Bd2 Bxc3 9. Bxc3 e4 10. Ne5 Nxe5 11. dxe5 Ne7 12. Be2 O-O 13. O-O Be6 14. Qa4
Bd7 15. Qb4 Nc6 16. Qxb7 Rab8 17. Qc7 Rfc8 18. Qd6 Qxd6 19. exd6 Nb4 20. Rfd1
Rc5 21. Rd2 e3 22. fxe3 1-0

[Event "26.Schlosspark-Open"]
[Site "Wiesbaden-Biebrich"]
[Date "2014.08.30"]
[Round "4.23"]
[White "Roggensack, Hans Peter"]
[Black "Keller, Peter"]
[Result "1/2-1/2"]
[WhiteElo "1970"]
[BlackElo "2110"]
[PlyCount "90"]
[EventDate "2014.??.??"]
[WhiteTeam "SF Frankfurt 1921"]
[BlackTeam "Sabt Frankfurter TV 1860"]

1. e4 e5 2. Nf3 Nc6 3. Bb5 Nf6 4. O-O Nxe4 5. Re1 Nd6 6. Nxe5 Nxe5 7. Rxe5+ Be7
8. Bf1 O-O 9. d4 Bf6 10. Re1 Nf5 11. c3 d5 12. Bf4 c6 13. Nd2 Be6 14. Nf3 Nh4
15. Nxh4 Bxh4 16. Bd3 Bf6 17. Qc2 g6 18. Be5 Re8 19. Bxf6 Qxf6 20. Re5 c5 21.
Qd2 c4 22. Bc2 Re7 23. Rae1 b5 24. f4 Rae8 25. Qe3 Kf8 26. Bd1 Qg7 27. Qf2 f6
28. R5e3 Bf5 29. Bf3 Qf7 30. Rxe7 Rxe7 31. Rxe7 Kxe7 32. Qe3+ Qe6 33. Qxe6+
Kxe6 34. Kf2 a5 35. a3 Bd3 36. Ke3 f5 37. Kd2 Be4 38. Ke3 Kd6 39. g3 Kc6 40.
Bd1 Kd6 41. Kd2 Ke6 42. Ke3 Kd7 43. Kd2 Kc7 44. Be2 Kb6 45. g4 Kc6 1/2-1/2